[Event "Titled Tuesday intern op 19th Jul Early"]
[Site "Chess.com INT"]
[Date "2022.07.19"]
[Round "4"]
[White "Lee, Jun Hyeok"]
[Black "Silva, Pedro Gil Ferreira"]
[Result "1-0"]
[WhiteElo "2390"]
[BlackElo "2328"]
[PlyCount "75"]
[EventDate "2022.07.19"]
[EventType "swiss (blitz)"]
[EventRounds "11"]
[EventCountry "USA"]
[SourceTitle "EXT 2023"]
[Source "ChessBase"]
[SourceDate "2022.10.05"]
[SourceVersion "1"]
[SourceVersionDate "2022.10.05"]
[SourceQuality "1"]

1. e4 c6 2. d4 d5 3. e5 c5 4. Nf3 Nc6 5. Bb5 Bg4 6. dxc5 e6 7. Be3 Nge7 8. c3 a6 9. Be2 Bxf3 10. Bxf3 Nxe5 11. Be2 N7c6 12. Nd2 Be7 13. Nf3 Nxf3+ 14. Bxf3 0-0 15. 0-0 a5 16. Qa4 Ne5 17. Be2 Qc8 18. Qb5 Nd7 19. b4 Bf6 20. Bd4 e5 21. Bg4 exd4 22. Bxd7 Qc7 23. cxd4 Bxd4 24. Rad1 Be5 25. Rxd5 Bxh2+ 26. Kh1 axb4 27. Qxb4 Rfd8 28. Rfd1 Be5 29. a4 Bf6 30. g3 h5 31. Kg1 Qa5 32. Qe4 Qc3 33. Bb5 Rxd5 34. Rxd5 Rc8 35. Bc4 h4 36. gxh4 Qa1+ 37. Kg2 Rf8 38. Rh5 1-0

[Event "Titled Tuesday intern op 14th Dec"]
[Site "Chess.com INT"]
[Date "2021.12.14"]
[Round "2"]
[White "Lee, Jun Hyeok"]
[Black "Bonte, Andrei Mihai"]
[Result "0-1"]
[WhiteElo "2399"]
[BlackElo "2340"]
[PlyCount "152"]
[EventDate "2021.12.14"]
[EventType "swiss (blitz)"]
[EventRounds "11"]
[EventCountry "USA"]
[SourceTitle "EXT 2023"]
[Source "ChessBase"]
[SourceDate "2022.10.05"]
[SourceVersion "1"]
[SourceVersionDate "2022.10.05"]
[SourceQuality "1"]

1. e4 c6 2. d4 d5 3. Nc3 dxe4 4. Nxe4 Nf6 5. Nxf6+ exf6 6. Nf3 Bd6 7. Bd3 0-0 8. 0-0 Bg4 9. h3 Bh5 10. Re1 Nd7 11. Be4 Qc7 12. Qd3 Bxf3 13. Qxf3 g6 14. Bh6 Rfe8 15. h4 Re7 16. Bd3 Rae8 17. Kf1 Rxe1+ 18. Rxe1 Rxe1+ 19. Kxe1 Qa5+ 20. Bd2 Qxa2 21. b3 Qa1+ 22. Ke2 Qxd4 23. Be3 Qxh4 24. Bxa7 Ne5 25. Qe4 Qxe4+ 26. Bxe4 f5 27. Bd3 h5 28. Bd4 Nxd3 29. Kxd3 Kf8 30. Ke3 Ke7 31. f4 Ke6 32. c4 f6 33. Kf3 g5 34. g3 Bb4 35. Bf2 Bc3 36. Be3 Be1 37. fxg5 fxg5 38. Bxg5 Ke5 39. Bh6 h4 40. gxh4 Bxh4 41. Ke3 Bg3 42. Bg7+ Ke6 43. Kf3 Be5 44. Bh6 b5 45. Ke3 bxc4 46. bxc4 Kd6 47. Bf8+ Ke6 48. Bh6 Kf6 49. Kf3 Kg6 50. Be3 Kh5 51. Bf2 Kg5 52. Bc5 Bc7 53. Be7+ Kg6 54. Bh4 Kf7 55. Bf2 Ke6 56. Bc5 Bd6 57. Bd4 Be5 58. Bc5 Bd6 59. Bd4 Be7 60. Bg7 Bf6 61. Bf8 Ke5 62. Bc5 Bg5 63. Bb6 f4 64. Bc5 Kf5 65. Bb6 Bf6 66. Bc5 Be5 67. Bb6 Ke6 68. Bc5 Bd6 69. Bb6 c5 70. Bd8 Ke5 71. Bg5 Kd4 72. Bh4 Kxc4 73. Be1 Kd3 74. Bf2 c4 75. Be1 c3 76. Bxc3 Kxc3 0-1

[Event "Seoul Korea Masters"]
[Site "Seoul"]
[Date "2021.12.09"]
[Round "5"]
[White "Lee, Kyungseok"]
[Black "Lee, Jun Hyeok"]
[Result "0-1"]
[WhiteElo "2027"]
[BlackElo "2404"]
[PlyCount "58"]
[EventDate "2021.12.06"]
[EventType "tourn"]
[EventRounds "7"]
[EventCountry "KOR"]
[SourceTitle "EXT 2023"]
[Source "ChessBase"]
[SourceDate "2022.10.05"]
[SourceVersion "1"]
[SourceVersionDate "2022.10.05"]
[SourceQuality "1"]

1. d4 Nf6 2. c4 g6 3. Nc3 Bg7 4. e4 d6 5. h3 Nbd7 6. Be3 e5 7. d5 h5 8. Qd2 Nc5 9. Bd3 c6 10. Nf3 cxd5 11. cxd5 Nxd3+ 12. Qxd3 0-0 13. Nd2 Bd7 14. 0-0 Ne8 15. f4 f5 16. exf5 Bxf5 17. Qe2 exf4 18. Rxf4 Nf6 19. Nb3 Qe7 20. Qd2 Rae8 21. Rf3 a6 22. Nd4 Ne4 23. Nxf5 Rxf5 24. Nxe4 Qxe4 25. Rxf5 Qxf5 26. Rd1 Rc8 27. Bd4 Rc2 28. Qe3 Qxd5 29. Qe8+ Kh7 0-1

[Event "Seoul Korea Masters"]
[Site "Seoul"]
[Date "2021.12.07"]
[Round "3"]
[White "Ahn, Hongjin"]
[Black "Lee, Jun Hyeok"]
[Result "1-0"]
[WhiteElo "2298"]
[BlackElo "2404"]
[PlyCount "57"]
[EventDate "2021.12.06"]
[EventType "tourn"]
[EventRounds "7"]
[EventCountry "KOR"]
[SourceTitle "EXT 2023"]
[Source "ChessBase"]
[SourceDate "2022.10.05"]
[SourceVersion "1"]
[SourceVersionDate "2022.10.05"]
[SourceQuality "1"]

1. e4 c5 2. Nf3 Nc6 3. d4 cxd4 4. Nxd4 Nf6 5. Nc3 h5 6. Bc4 e6 7. a3 Qc7 8. h3 a6 9. Nxc6 bxc6 10. Be3 d5 11. Bb3 Bd6 12. Qd2 Be5 13. 0-0-0 Bb7 14. Qe1 0-0-0 15. Na4 d4 16. Bd2 c5 17. Ba5 Qc6 18. Nb6+ Kb8 19. f3 Bc7 20. Ba4 Qd6 21. Nc4 Qe7 22. Rd3 Ka7 23. Rb3 Rc8 24. Bb6+ Bxb6 25. Rxb6 Nd7 26. Bxd7 Qxd7 27. Qa5 Rhd8 28. Rd1 Rc6 29. Rxc6 1-0

[Event "Titled Tuesday intern op 14th Sept"]
[Site "Chess.com INT"]
[Date "2021.09.14"]
[Round "1"]
[White "Lopez del Alamo, Antonio"]
[Black "Lee, Jun Hyeok"]
[Result "0-1"]
[WhiteElo "2275"]
[BlackElo "2404"]
[PlyCount "42"]
[EventDate "2021.09.14"]
[EventType "swiss (blitz)"]
[EventRounds "11"]
[EventCountry "USA"]
[SourceTitle "EXT 2022"]
[Source "ChessBase"]
[SourceDate "2021.10.06"]
[SourceVersion "1"]
[SourceVersionDate "2021.10.06"]
[SourceQuality "1"]

1. e4 g6 2. d3 Bg7 3. Nd2 c5 4. Ngf3 Nc6 5. g3 e5 6. Bg2 Nge7 7. c3 0-0 8. a3 d6 9. b4 a6 10. Bb2 h6 11. 0-0 f5 12. Qe2 f4 13. Rab1 g5 14. Nb3 g4 15. bxc5 gxf3 16. Bxf3 Bh3 17. Rfd1 fxg3 18. fxg3 dxc5 19. Nxc5 Qb6 20. d4 exd4 21. Nd7 Bxd7 0-1

[Event "Online Olym Div3 A"]
[Site "Chess.com INT"]
[Date "2021.08.28"]
[Round "6.4"]
[White "Lee, Jun Hyeok"]
[Black "Liyanage, Ranindu Dilshan"]
[Result "1-0"]
[WhiteElo "2404"]
[BlackElo "2203"]
[PlyCount "89"]
[EventDate "2021.08.27"]
[EventType "team-tourn (rapid)"]
[EventRounds "9"]
[EventCountry "USA"]
[SourceTitle "CBM 204 Extra"]
[Source "ChessBase"]
[SourceDate "2021.11.30"]
[SourceVersion "1"]
[SourceVersionDate "2021.11.30"]
[SourceQuality "1"]
[WhiteTeam "South Korea"]
[BlackTeam "Sri Lanka"]
[WhiteTeamCountry "KOR"]
[BlackTeamCountry "SRI"]

1. e4 c5 2. Nf3 d6 3. d4 cxd4 4. Nxd4 Nf6 5. Nc3 a6 6. Bg5 e6 7. f4 Be7 8. Qf3 Qc7 9. 0-0-0 Nbd7 10. g4 h6 11. Bxf6 Bxf6 12. h4 Nb6 13. g5 Bxd4 14. Rxd4 Qc5 15. Qd3 hxg5 16. b4 Qc7 17. fxg5 Bd7 18. g6 f6 19. Rxd6 Rc8 20. Qd4 Na8 21. Kb2 Ke7 22. e5 fxe5 23. Qxe5 Qxc3+ 24. Qxc3 Rxc3 25. Rxd7+ Kxd7 26. Kxc3 Nb6 27. Bg2 Rc8+ 28. Kb3 Kc7 29. h5 Nd7 30. Rf1 Ne5 31. Re1 Kd6 32. c4 Nxc4 33. Rxe6+ Kxe6 34. Bh3+ Kf6 35. Bxc8 Nd6 36. Bg4 Kg5 37. Bf3 b5 38. Kc3 Nf5 39. Bb7 Kxh5 40. Bxa6 Nd6 41. Kd4 Kxg6 42. Kd5 Nc4 43. Bxb5 Ne3+ 44. Kc6 Nc2 45. Bd3+ 1-0

[Event "Online Olym Div3 A"]
[Site "Chess.com INT"]
[Date "2021.08.28"]
[Round "4.5"]
[White "Lee, Jun Hyeok"]
[Black "Song, Raymond"]
[Result "1-0"]
[WhiteElo "2404"]
[BlackElo "2485"]
[PlyCount "65"]
[EventDate "2021.08.27"]
[EventType "team-tourn (rapid)"]
[EventRounds "9"]
[EventCountry "USA"]
[SourceTitle "CBM 204 Extra"]
[Source "ChessBase"]
[SourceDate "2021.11.30"]
[SourceVersion "1"]
[SourceVersionDate "2021.11.30"]
[SourceQuality "1"]
[WhiteTeam "South Korea"]
[BlackTeam "Taiwan"]
[WhiteTeamCountry "KOR"]
[BlackTeamCountry "TPE"]

1. e4 c6 2. d4 d5 3. f3 dxe4 4. fxe4 e5 5. Nf3 Bg4 6. c3 Nf6 7. Bc4 Nbd7 8. 0-0 Bd6 9. Bg5 Qb6 10. Nbd2 Qxb2 11. Bxf7+ Kxf7 12. Nc4 Qxc3 13. Nxd6+ Ke7 14. Rc1 Qb4 15. Nc4 Rhd8 16. a3 Qb5 17. a4 Qa6 18. Qb3 Bxf3 19. Rxf3 h6 20. Bh4 g5 21. dxe5 Nxe4 22. Ne3 Nxe5 23. Qb4+ Nd6 24. Nf5+ Ke6 25. Ng7+ Kd7 26. Re3 Nd3 27. Qg4+ Kc7 28. Ne6+ Kb8 29. Nxd8 Nxc1 30. Bg3 c5 31. Qd7 Ne2+ 32. Rxe2 Qxe2 33. Bxd6# 1-0